Rast svetovej populácie – nová dimenzia globálnej zodpovednosti 21. storočia
Predpoklady rýchleho rastu svetovej populácie. Charakteristika osobitosti rastu populácie na jednotlivých kontinentoch s osobitným hodnotením negatívnych dôsledkov totalitných režimov na vývoj populácie v 20. storočí. Prognóza novej dimenzie zodpovednosti globálneho sveta k pozitívnym riešeniam ďalš...
Guardado en:
| Autor principal: | |
|---|---|
| Formato: | Capítulo de libro |
| Lenguaje: | eslovaco |
| Materias: | |
| Etiquetas: |
Sin Etiquetas, Sea el primero en etiquetar este registro!
|
MARC
| LEADER | 00000nla a2200000 4500 | ||
|---|---|---|---|
| 001 | 0213241 | ||
| 005 | 20240502073541.9 | ||
| 041 | 0 | |a slo | |
| 044 | |a SK | ||
| 245 | 1 | 0 | |a Rast svetovej populácie – nová dimenzia globálnej zodpovednosti 21. storočia |c Vítězslav Balhar |
| 520 | |a Predpoklady rýchleho rastu svetovej populácie. Charakteristika osobitosti rastu populácie na jednotlivých kontinentoch s osobitným hodnotením negatívnych dôsledkov totalitných režimov na vývoj populácie v 20. storočí. Prognóza novej dimenzie zodpovednosti globálneho sveta k pozitívnym riešeniam ďalšieho rastu svetovej populácie v 21. storočí. | ||
| 610 | 2 | 0 | |a populácia |
| 610 | 2 | 0 | |a globalizácia |
| 610 | 2 | 0 | |a vývoj populačný |
| 610 | 2 | 0 | |a diferenciácia demografická |
| 610 | 2 | 0 | |a štruktúra obyvateľstva |
| 610 | 2 | 0 | |a ukazovatele demografické |
| 610 | 2 | 0 | |a kríza sociálna |
| 100 | 1 | |a Balhar, Vítězslav, Jr. | |